Aktuálne problémy kriminologickej prognostiky stály medzinárodný seminár 27.-29. : november 2012 7
| Corporate Author: | |
|---|---|
| Other Authors: | , |
| Format: | Conference Proceeding Book |
| Language: | Slovak English Polish |
| PhysicalDescription: | 118 s. fotografie, grafy, mapy, tabuľky 21 cm |
| Published: |
Bratislava
Akadémia Policajného zboru
2014
|
| ISBN: | 9788080545819 |
| Edition: | 1. vyd. |
| Subjects: |
MARC
| LEADER | 00000cam a2200000 a 4500 | ||
|---|---|---|---|
| 001 | vtls010598532 | ||
| 003 | SK-MaSNL | ||
| 005 | 20260302083529.0 | ||
| 008 | 180601s2014 xo odabfrn 100 0 slo | ||
| 015 | |a SNBA2014/08 | ||
| 020 | |a 9788080545819 |q (brožované) | ||
| 035 | |a F9BB43E1-4D7D-40E3-B1FE-D13B5B97580A | ||
| 035 | |a urn:nbn:sk:snk-am3h5rj | ||
| 035 | |a urn:nbn:sk:snk-am008k9v | ||
| 040 | |a SNK |b slo |c SNK |e AACR2 | ||
| 041 | 0 | |a slo |a eng |a pol | |
| 044 | |a xo |c SK | ||
| 072 | 7 | |a 343.97 |x Kriminológia |2 konspekt | |
| 080 | |a 343.9 |2 2011 | ||
| 080 | |a 001.18 |2 2011 | ||
| 080 | |a (062.534) |2 2011 | ||
| 111 | 2 | |a Aktuálne problémy kriminologickej prognostiky |n (7. : |d 2014 : |c Bratislava, Slovensko) |4 aut |9 751635 | |
| 245 | 1 | 0 | |a Aktuálne problémy kriminologickej prognostiky |n 7 |b stály medzinárodný seminár 27.-29. : november 2012 |c [zostavili: Magdaléna Ondicová, Michaela Jurisová] |
| 250 | |a 1. vyd. | ||
| 260 | |a Bratislava |b Akadémia Policajného zboru |c 2014 | ||
| 300 | |a 118 s. |b fotografie, grafy, mapy, tabuľky |c 21 cm | ||
| 366 | |e 40 výtl. | ||
| 504 | |a Obsahuje bibliografické odkazy | ||
| 546 | |a Text aj anglicky a poľsky | ||
| 650 | 0 | 7 | |a kriminológia |2 SNKPH |9 2660 |
| 650 | 0 | 7 | |a prognostika |2 SNKPH |9 4366 |
| 650 | 0 | 7 | |a Criminology |2 SNKPHeng |9 317083 |
| 650 | 0 | 7 | |a Prognostics |2 SNKPHeng |9 405191 |
| 655 | 7 | |a zborníky konferencií |2 SNKPH |9 70153 | |
| 655 | 7 | |a Proceedings of conferences |2 SNKPHeng |9 265791 | |
| 700 | 1 | |a Ondicová, Magdaléna, |d 1966- |4 com |9 155074 | |
| 700 | 1 | |a Jurisová, Michaela, |d 1985- |4 com |9 217456 | |
| 919 | |a 978-80-8054-581-9 | ||
| 954 | |a odborná, vedecká literatúra pôvodná (slovenská) |2 lita | ||
| 954 | |a odborná, vedecká literatúra cudzojazyčná (svetová) |2 lita | ||
| 958 | |a NB | ||
| 958 | |a OND | ||
| 999 | |c 1184097 |d 1186027 | ||
| 952 | |a SNK |b SNK |y PREZ |7 0 |p 17A1110930 |o snkSC 89050/7 |i snk2014/12116 |8 0 |0 0 |1 0 |4 0 |d 2014-05-23 |f 1 |l 0 |r 2025-09-08 00:00:00 |w 2026-02-24 | ||
| 952 | |a SNK |b SNK |y VYP |7 0 |p 17A1110931 |o snkSC 89050/7 D1 |i snk2014/12117 |8 0 |0 0 |1 0 |4 0 |d 2014-05-23 |l 0 |r 2026-02-24 21:50:36 |w 2026-02-24 | ||


